Trampantojos / (Record no. 196883)
[ view plain ]
| 000 -LEADER | |
|---|---|
| campo de control de longitud fija | 01375nam a2200349 i 4500 |
| 001 - NÚMERO DE CONTROL | |
| campo de control | 196883 |
| 003 - IDENTIFICADOR DE NÚMERO DE CONTROL | |
| campo de control | ES-MaACL |
| 005 - FECHA Y HORA DE LA ÚLTIMA TRANSACCIÓN | |
| campo de control | 20250802063126.0 |
| 008 - DATOS DE LONGITUD FIJA--INFORMACIÓN GENERAL | |
| campo de control de longitud fija | 241117s2002 sp | ||| ||spa |
| 016 7# - NÚMERO DE CONTROL DE UNA AGENCIA BIBLIOGRÁFICA NACIONAL | |
| Número de control del registro | bimoBNE20030344450 |
| Fuente | SpMaBN |
| 017 ## - NÚMERO DE COPYRIGHT O DE DEPÓSITO LEGAL | |
| Número de copyright o de depósito legal | M 47369-2002 |
| Agencia que asigna | Oficina Depósito Legal Madrid |
| 020 ## - NÚMERO INTERNACIONAL ESTÁNDAR DEL LIBRO | |
| Número Internacional Estándar del Libro | 8489142580 |
| 035 ## - NÚMERO DE CONTROL DEL SISTEMA | |
| Número de control de sistema | (OCoLC)51221892 |
| 035 ## - NÚMERO DE CONTROL DEL SISTEMA | |
| Número de control de sistema | (SpMaBN)bimo0001849931 |
| 040 ## - FUENTE DE CATALOGACIÓN | |
| Centro catalogador/agencia de origen | SpMaBN |
| Lengua de catalogación | spa |
| Centro/agencia transcriptor | SpMaBN |
| Normas de descripción | rdc |
| 080 ## - NÚMERO DE LA CLASIFICACIÓN DECIMAL UNIVERSAL | |
| Número de la Clasificación Decimal Universal | 821.134.2-84"19" |
| 100 1# - ENTRADA PRINCIPAL--NOMBRE DE PERSONA | |
| Nombre de persona | Gómez de la Serna, Ramón, |
| Fechas asociadas al nombre | 1888-1963 |
| 9 (RLIN) | 57901 |
| Término indicativo de función/relación | Autor |
| 245 10 - MENCIÓN DEL TÍTULO | |
| Título | Trampantojos / |
| Mención de responsabilidad, etc. | Ramón Gómez de la Serna ; ilustraciones de Ramón Gómez de la Serna. |
| Medio | [Texto impreso] |
| 260 ## - PUBLICACIÓN, DISTRIBUCIÓN, ETC. | |
| Lugar de publicación, distribución, etc. | [Madrid] : |
| Nombre del editor, distribuidor, etc. | Clan, |
| Fecha de publicación, distribución, etc. | [2002]. |
| 300 ## - DESCRIPCIÓN FÍSICA | |
| Extensión | 208 páginas : |
| Otras características físicas | ilustrado en blanco y negro ; |
| Dimensiones | 21 cm |
| 336 ## - TIPO DE CONTENIDO | |
| Fuente | rdacontent |
| Término de tipo de contenido | texto |
| 337 ## - TIPO DE MEDIO | |
| Fuente | rdamedia |
| Nombre/término del tipo de medio | sin mediación |
| 338 ## - TIPO DE SOPORTE | |
| Fuente | rdacarrier |
| Nombre/término del tipo de soporte | volumen |
| 490 1# - MENCIÓN DE SERIE | |
| Mención de serie | Colección de cuentos de autores españoles ; |
| Designación de volumen o secuencia | 30 |
| 655 #0 - TERMINO DE INDIZACIÓN--GENERO/FORMA | |
| 9 (RLIN) | 176540 |
| Datos o término principal de género/forma | Antologías |
| 852 ## - LOCALIZACIÓN | |
| Ubicación | ES-MaACL |
| Ubicación en estantería | Depósito J |
| Signatura antigua | N-10290 |
| Donativo/Legado | Donación: José Lázaro Garcia |
| Encuadernación | Encuadernación rústica con solapas |
| itemnumber | 206412 |
| 903 ## - NOMBRE PERSONAL DE DONANTE | |
| 9 | 234219 |
| a | Lázaro García, José |
| e | Donante |
| 942 ## - ELEMENTOS DE ENTRADA SECUNDARIOS (KOHA) | |
| Tipo de ítem Koha | Libro impreso |
| Suprimir en OPAC | No |
| Estatus retirado | Estado de pérdida | Fuente del sistema de clasificación o colocación | Estado de daño | No para préstamo | Biblioteca de origen | Biblioteca actual | Ubicación en estantería | Fecha de adquisición | Fuente de adquisición | Total de préstamos | Signatura topográfica completa | Código de barras | Visto por última vez | Precio de reemplazo | Tipo de ítem Koha |
|---|---|---|---|---|---|---|---|---|---|---|---|---|---|---|---|
| Clasificación decimal universal | Biblioteca del Ateneo de Madrid | Biblioteca del Ateneo de Madrid | Depósito J | 31/07/2025 | Donación | N-10290 | 2025-0795 | 31/07/2025 | 31/07/2025 | Libro impreso |
